000
00318nam a22001457a 4500
008
221011b ||||| |||| 00| 0 eng d
020
_a
9780130320957
041
_a
eng
080
_a
721
082
_a
721
100
_a
20.2
101
_a
NDER
245
_a
COMPUTER AIDED ELECTRONIC
_c
HOSSAIN A
942
_2
udc
_c
BK
999
_c
58492
_d
58492